000 00753nam a2200217Ii 4500
003 JO-AjNU
008 230605s9999||||xx |||||||||||||| ||und||
017 _a1979/4880
040 _aJO-AjNU
_bara
_erda
_cJO-AjNU
041 _aara
050 1 4 _aLA1646.A625.1980
100 3 _aعلي،سعيد إسماعيل،تأليف/حسن،زينب حسن م.مشارك,
_eauthor
_913436
245 0 0 _aدراسات في إجتماعيات التربية
250 _aط2
264 3 1 _aالقاهرة:دار الثقافة للطباعة والنشر،1980
300 _a285ص
336 _atext
_btxt
_2rdacontent
337 _aunmediated
_bn
_2rdamedia
338 _avolume
_bnc
_2rdacarrier
650 4 _aعلم الإجتماع التربوي-مصر
_913437
999 _aA3345
_c6913
_d6913